efteling rijken 17 sec - Statistieken

Algemene statistieken
  • Deze quiz is 35 keer genomen
  • De gemiddelde score is 4 van 5
Antwoordstatistieken
Hint Antwoord % Correct
sprookjes marerijk
87%
achtbanen ruigrijk
87%
jurgen freilich anderrijk
74%
pardoes fantasierijk
57%
vogel reizenrijk
52%
Geen overeenkomende quizzen gevonden
Scoreverdeling
Procent van Mensen met Elke Score
Percentiel versus Aantal Correcte Antwoorden
Uw Scoregeschiedenis
U heeft deze quiz nog niet genomen